| 000 | 00800nam a2200253 4500 | ||
|---|---|---|---|
| 001 | 1038 | ||
| 003 | BD-RjUL | ||
| 005 | 20211208233252.0 | ||
| 008 | 131124s1966 enk 000 0 eng d | ||
| 035 | _a(BD-RjUL)1060 | ||
| 040 |
_aDLC _cDLC _dDLC _dBD-RjUL _beng |
||
| 041 | _aeng | ||
| 082 | 0 | 0 |
_a060.148 _221 _bBUW 1966 |
| 100 | 1 |
_aButtress, F. A. _93064 |
|
| 245 | 1 | 0 |
_aWorld list of abbreviations / _cF. A. Buttress. |
| 250 | _a3rd ed. | ||
| 260 |
_aLondon : _bHill, _c1966. |
||
| 300 |
_avi, 186 p. ; _c22 cm. |
||
| 500 | _aFirst published in 1954 under title: World list of abbreviations of scientific, technological, and commercial organizations. | ||
| 650 | 0 |
_aAssociations, institutions, etc. _xAbbreviations. _93065 |
|
| 942 |
_2ddc _cBK |
||
| 999 |
_c1038 _d1038 |
||